000 00764nam a22002777a 4500
001 0074
003 DO-SdBNP
005 20180124104602.0
007 0074
008 151102b sp 1981 xxu||||| |||| 00| 0 spa d
020 _a8475250076
040 _aBPMSU
_bspa
_cBPMSU
100 1 0 _aQuiroga, Horacio,
_d1878-1937
245 _aCuentos de la selva /
_cHoracio Quiroga ; ilustración José María Lago
260 _aMadrid, España :
_bAnaya,
_c1981
300 _a224 p. :
_c20 cm.
490 1 0 _aTus libros
490 1 0 _aMaravillosos
504 _aBibliografías : p. 221-224
700 1 0 _aLago, José María,
_eil.
830 0 0 _aTus libros
830 0 0 _aMaravillosos
942 _2ddc
_cBK
945 _aInventariado, 2018/MFF
956 _aBrenda Tavárez
999 _c8508
_d8508